000 01085nam a2200217Ia 4500
003 Ost
005 20260507075638.0
008 260507s9999||||xx |||||||||||||| ||und||
040 _cfsecg
041 _aara
082 _a330.121
100 _aقاسم علي، محمد علي
_eمؤلف
245 0 _aبيع المزايدة في الفقه الإسلامي /
_c محمد علي قاسم علي
260 _aالاسكندرية:
_bدار الجامعة الجديدة للنشر والتوزيع,
_c2002
300 _a481 صفحة؛
_c24 سم
520 _aتعريف بيع المزايدة واقسامه ومشروعه- تعريف بيع المزايدة ،مشروعية بيع المزايدة وخصائصه،صورة من البيوع التي تمارس بالمزايدة - احكام المزايدة ، الايجاب والقبول في بيع المزايدة ، ضوابطه ، الاحكام النتعلقة بالدلال
653 _aالفقه الاسلامي
653 _aالمزاد العلني
653 _aالمزايدة
942 _cكتاب
999 _c45339
_d45339